|
|
|
|
| LEADER |
00000nab a2200000 a 4500 |
| 001 |
vtls009512886 |
| 003 |
SK-MaSNL |
| 005 |
20260303060659.0 |
| 008 |
171109c20090127xo dr ner 000 0 slo |
| 038 |
|
|
|a PPPK
|
| 040 |
|
|
|a PPPKCL
|b slo
|c PPPK
|e AACR2
|
| 041 |
|
|
|a slo
|
| 044 |
|
|
|a xo
|c SK
|
| 080 |
|
|
|a 796.966
|2 2001
|
| 080 |
|
|
|a 796.966:061
|2 2001
|
| 100 |
1 |
|
|a Hudeček, Richard
|4 pht
|9 1022422
|
| 245 |
1 |
0 |
|a Popradských hokejistov trápi maródka
|b k Jarolínovi s Haščákom pribudla trojica
|c [text] a foto Richard Hudeček
|
| 300 |
|
|
|b Fotogr.
|
| 610 |
2 |
7 |
|a Hokejový klub Aquacity ŠKP Poprad
|2 pppkcl
|9 1033684
|
| 650 |
0 |
7 |
|a šport
|2 snkbucl
|9 1042
|
| 650 |
0 |
7 |
|a ľadový hokej
|2 pppkcl
|9 3231
|
| 650 |
0 |
7 |
|a hokejové kluby
|2 pppkcl
|9 75891
|
| 650 |
0 |
7 |
|a sezóna 2008/2009
|2 pppkcl
|9 1033686
|
| 651 |
|
7 |
|a Poprad (Slovensko)
|2 pppkcl
|9 20155
|
| 773 |
0 |
|
|t Tatranský denník Korzár
|g Roč. XI, č. 21 (27.1.2009), s. 15
|x 1335-7573
|
| 852 |
|
|
|a PPPK
|b KIS3GCP
|
| 999 |
|
|
|c 1732413
|d 1734343
|